000 00796nam a2200253 a 4500
001 BRCA_836
005 20190320203154.0
008 760109s1974 nmua---##b---#001-0#eng-#
020 _a0890130655
020 _a0890130663
040 _aDLC
_cDLC
_dDLC
050 4 _aNK7112
_b.B63 1974
100 1 _aBoylan, Leona Davis
_92780
245 1 0 _aSpanish Colonial Silver
_cLeona Davis Boylan.
260 _aSanta Fe
_bMuseum of New Mexico
_c1974
300 _avii, 202 p.
_bil.
_c25 cm.
500 _aIncluye índice alfabético
504 _aBibliografía : p. 159-162
650 1 4 _aTrabajo en plata colonial
_zNuevo México
_92781
650 1 4 _aTrabajo en plata
_zNuevo México
_92782
650 1 4 _aTrabajo en plata
_zEspaña
_92783
650 1 4 _aMarcas del contraste
_zEspaña
_92784
942 _2lcc
_cB
999 _c731
_d731